Statistiques concernant Les villes de Picardie

Cliquez ici pour prendre le quiz!

Statistiques générales

  • Ce quiz a été pris 304 fois
  • Le résultat moyen est 10 sur 23

Statistiques - réponses

HintAnswer% Correct
134 737 hab.Amiens
98%
55 230 habBeauvais
83%
56 471 habSaint Quentin
76%
26 463 hab.Laon
74%
41 714 hab.Compiègne
70%
33 837 hab.Creil
63%
28 471 hab.Soissons
56%
24 142 hab.Abbeville
56%
16 310 hab.Senlis
52%
11 096 hab.Chantilly
45%
14 794 hab.Château Thierry
39%
14 240 hab.Noyon
34%
10 612 hab.Clermont
33%
12 518 hab.Chauny
29%
10 027 hab.Albert
28%
14 722 hab.Tergnier
26%
12 813 hab.Méru
24%
12 440 hab.Pont Sainte Maxence
22%
19 674 hab.Nogent sur Oise
22%
12 265 hab.Montataire
19%
14 180 hab.Crepy en Valois
18%
10 090 hab.Villers Cotterets
16%
9 622 hab.Gouvieux
13%

Distribution des résultats

Percentile par nombre de réponses

% des personnes avec chaque résultat

Votre développement - résultats

Vous n’avez pas pris ce quiz